| 000 | 00570nam a2200193Ia 4500 | ||
|---|---|---|---|
| 005 | 20250326144241.0 | ||
| 008 | 250326s9999 xx 000 0 und d | ||
| 020 | _a978-0-07-026450-2 | ||
| 037 | _aTextbook | ||
| 040 |
_aFMSL _beng _cFMSL |
||
| 041 |
_aeng _2eng |
||
| 084 |
_aX8(D5133):8 P8 _qFMSL |
||
| 100 |
_aLikener J K _9749315 |
||
| 245 | 0 |
_aToyota Culture : Heart and soul of the toyota way _cLikener J K; Hoseus M |
|
| 260 |
_aNY _bNY, Tata McGraw-Hill _c2008 |
||
| 365 | _b525 | ||
| 942 |
_cTB _hX8(D5133):8 P8 |
||
| 999 |
_c1302991 _d1302991 |
||